kompass in association with confederation of british industry (Record no. 19946)
[ view plain ]
| 000 -LEADER | |
|---|---|
| fixed length control field | 00297nam a22001097a 4500 |
| 082 ## - DEWEY DECIMAL CLASSIFICATION NUMBER | |
| Classification number | 380.105KOM |
| 100 ## - MAIN ENTRY--PERSONAL NAME | |
| Personal name | Kompass |
| 245 ## - TITLE STATEMENT | |
| Title | kompass in association with confederation of british industry |
| 260 ## - PUBLICATION, DISTRIBUTION, ETC. | |
| Place of publication, distribution, etc. | London |
| Name of publisher, distributor, etc. | kompass publishers limited |
| Date of publication, distribution, etc. | 1973 |
| 300 ## - PHYSICAL DESCRIPTION | |
| Extent | 1774p. |
| Other physical details | :ill.; 30cm. |
| 942 ## - ADDED ENTRY ELEMENTS (KOHA) | |
| Koha item type | Books |
| Withdrawn status | Lost status | Damaged status | Not for loan | Home library | Current library | Shelving location | Date acquired | Total Checkouts | Full call number | Barcode | Date last seen | Price effective from | Koha item type |
|---|---|---|---|---|---|---|---|---|---|---|---|---|---|
| IFM Main Campus Library | IFM Main Campus Library | Archival Collection | 08/16/2011 | 380.105KOM | 0000012237 | 08/16/2018 | 02/19/2022 | Books |
